How does law protect in war?
The important and non-controversial elements of each topic are outlined in introductory texts.
Wedi'i Gadw mewn:
| Prif Awdur: | |
|---|---|
| Fformat: | Llyfr |
| Iaith: | Undetermined |
| Cyhoeddwyd: |
Geneva
International Committee of the Red Cross
2011
|
| Pynciau: | |
| Tagiau: |
Ychwanegu Tag
Dim Tagiau, Byddwch y cyntaf i dagio'r cofnod hwn!
|
| Thư viện lưu trữ: | Trung tâm Học liệu Trường Đại học Cần Thơ |
|---|
| LEADER | 00725nam a2200205Ia 4500 | ||
|---|---|---|---|
| 001 | CTU_223829 | ||
| 008 | 210402s9999 xx 000 0 und d | ||
| 082 | |a 341 | ||
| 082 | |b S252/Vol.1-P.1 | ||
| 100 | |a Sassòli, Marco. | ||
| 245 | 0 | |a How does law protect in war? | |
| 245 | 0 | |c by Marco Sassòli, Antoine A. Bouvier, and Anne Quintin. | |
| 260 | |a Geneva | ||
| 260 | |b International Committee of the Red Cross | ||
| 260 | |c 2011 | ||
| 520 | |a The important and non-controversial elements of each topic are outlined in introductory texts. | ||
| 650 | |a International law,Luật Quốc tế | ||
| 650 | |z United States,Hoa Kỳ | ||
| 904 | |i Tuyến | ||
| 980 | |a Trung tâm Học liệu Trường Đại học Cần Thơ | ||